000 00886nam a2200277 a 4500
001 68709
003 BD-RjUL
005 20211209081812.0
008 170405s1975 ilua 001 0 eng d
020 _a0256016720
035 _a(BD-RjUL)68919
040 _aDLC
_cDLC
_dBD-RjUL
_beng
041 _aeng
082 0 0 _223
_a519.5
_bSPB 1975
100 1 _aSpirer, Herbert F.
_9203661
245 1 0 _aBusiness statistics :
_ba problem-solving approach /
_cHerbert F. Spirer.
260 _aHomewood, Ill. :
_bR. D. Irwin,
_cc1975.
300 _axv, 384 p. :
_bill. ;
_c24 cm.
490 0 _aIrwin series in quantitative analysis for business.
500 _aIncludes index.
650 0 _aStatistics.
_9203662
650 0 _aStatistics
_xProblems, exercises, etc.
_9118592
830 _aIrwin series in quantitative analysis for business.
_9209396
942 _2ddc
_cBK
999 _c68709
_d68709